000 00891nam a2200289Ia 4500
001 Para_7262
003 CHAP
008 220125s1940 xx 000 0 und d
010 _a206148
040 _cCHAP
082 _aPA-C 631.81 B85
100 _aWheeting, Lawrence C.
_9172353
245 _aCooperative field experiments with commercial fertilizer mixtures /
_c by Lawrence C. Wheeting
260 _aPullman, Washington :
_b Agricultural Experiment Station
300 _a48 p.
440 _aBulletin ; 392
_9172295
500 _aEnc. con impresos similares
650 _aFertilizantes
_x colecciones de escritos
_9172309
650 _aFertilizantes
_x experimentación
_940565
901 _aPA-C 631.81 B85
902 _aA
905 _a0000001940 0000000000 00
910 _a1940
942 _cPARA
942 _cPARA
_d1
999 _c206148
_d206148